Normal view MARC view

Entry Personal Name

Number of records used in: 1

001 - CONTROL NUMBER

  • control field: 245786

003 - CONTROL NUMBER IDENTIFIER

  • control field: OSt

005 - DATE AND TIME OF LATEST TRANSACTION

  • control field: 20251117095442.0

008 - FIXED-LENGTH DATA ELEMENTS

  • fixed length control field: 251117|| aca||aabn | a|a d

040 ## - CATALOGING SOURCE

  • Original cataloging agency: OSt
  • Transcribing agency: OSt

100 ## - HEADING--PERSONAL NAME

  • Personal name: BHANDARI (R V)
  • Dates associated with a name: ಆರ್.ವಿ. ಭಂಡಾರಿ

670 ## - SOURCE DATA FOUND

  • Source citation: Work cat.: (OSt)134413: BHANDARI (R V) ಆರ್.ವಿ. ಭಂಡಾರಿ, Min paldi, 2007